000 00509nam a2200181Ia 4500
008 240729s9999 xx 000 0 und d
022 _a2633-0873
245 0 _aNeurosurgery Open
260 _aUnited States
260 _bWolters Kluwer
650 _a Internal medicine
650 _a Neurosciences. Biological psychiatry. Neuropsychiatry
650 _a Surgery | Medicine
650 _aMedicine
856 _uhttps://doaj.org/toc/146b2b7b0d984464b7ac4e6988b0a6f6
942 _2ddc
942 _cDOAJEJ
999 _c69123
_d69123
945 _a1
_bMadushi Gamage
_c1
_dMadushi Gamage